<?xml version="1.0" encoding="UTF-8"?>
<record
    xmlns:xsi="http://www.w3.org/2001/XMLSchema-instance"
    xsi:schemaLocation="http://www.loc.gov/MARC21/slim http://www.loc.gov/standards/marcxml/schema/MARC21slim.xsd"
    xmlns="http://www.loc.gov/MARC21/slim">

  <leader>01150cam a22002651  4500</leader>
  <controlfield tag="001">s  13000049 </controlfield>
  <controlfield tag="003">DLC</controlfield>
  <controlfield tag="005">20260227111910.0</controlfield>
  <controlfield tag="008">780206m18591865dcua         f000 0 eng c</controlfield>
  <datafield tag="010" ind1=" " ind2=" ">
    <subfield code="a">s  13000049 </subfield>
  </datafield>
  <datafield tag="035" ind1=" " ind2=" ">
    <subfield code="a">(OCoLC)3611909</subfield>
  </datafield>
  <datafield tag="040" ind1=" " ind2=" ">
    <subfield code="a">Smithsonian Inst. Library</subfield>
    <subfield code="c">NGenoU</subfield>
    <subfield code="d">NGenoU</subfield>
    <subfield code="d">DLC</subfield>
  </datafield>
  <datafield tag="042" ind1=" " ind2=" ">
    <subfield code="a">premarc</subfield>
  </datafield>
  <datafield tag="050" ind1="0" ind2="0">
    <subfield code="a">Q11</subfield>
    <subfield code="b">.S68 v. 11, 13, 14</subfield>
  </datafield>
  <datafield tag="100" ind1="1" ind2=" ">
    <subfield code="a">Bache, A. D.</subfield>
    <subfield code="q">(Alexander Dallas),</subfield>
    <subfield code="d">1806-1867.</subfield>
  </datafield>
  <datafield tag="245" ind1="1" ind2="0">
    <subfield code="a">Discussion of the magnetic and meteorological observations made at the Girard College Observatory, Philadelphia,</subfield>
    <subfield code="b">in 1840, 1841, 1842, 1843, 1844, and 1845.</subfield>
    <subfield code="c">By A. D. Bache.</subfield>
  </datafield>
  <datafield tag="260" ind1=" " ind2=" ">
    <subfield code="a">[Washington,</subfield>
    <subfield code="b">Smithsonian Institution,</subfield>
    <subfield code="c">1859-65]</subfield>
  </datafield>
  <datafield tag="300" ind1=" " ind2=" ">
    <subfield code="a">6 v.</subfield>
    <subfield code="b">diagrs.</subfield>
    <subfield code="c">33 cm.</subfield>
  </datafield>
  <datafield tag="490" ind1="0" ind2=" ">
    <subfield code="a">Smithsonian contributions to knowledge. [vol. XI, art. 4; vol. XIII, art. 5, 6, 7; vol. XIV, art. 2, 3]</subfield>
  </datafield>
  <datafield tag="490" ind1="0" ind2=" ">
    <subfield code="a">Smithsonian Institution publications 113, 121, 132, 162, 175, 186.</subfield>
  </datafield>
  <datafield tag="500" ind1=" " ind2=" ">
    <subfield code="a">Assisted by C. A. Schott.</subfield>
  </datafield>
  <datafield tag="650" ind1=" " ind2="0">
    <subfield code="a">Geomagnetism</subfield>
    <subfield code="x">Observations.</subfield>
  </datafield>
  <datafield tag="700" ind1="1" ind2=" ">
    <subfield code="a">Schott, Charles A.</subfield>
    <subfield code="q">(Charles Anthony),</subfield>
    <subfield code="d">1826-1901.</subfield>
  </datafield>
  <datafield tag="710" ind1="2" ind2=" ">
    <subfield code="a">Girard College.</subfield>
    <subfield code="b">Magnetic and Meteorological Observatory.</subfield>
  </datafield>
  <datafield tag="999" ind1=" " ind2=" ">
    <subfield code="c">52621</subfield>
    <subfield code="d">52621</subfield>
  </datafield>
</record>
